书目信息 |
| 题名: |
人类文明的演进
|
|
| 作者: | 齐世荣 主编 | |
| 分册: | 上卷 | |
| 出版信息: | 北京 中国青年出版社 2001 |
|
| 页数: | 396页 | |
| 开本: | 20cm | |
| 丛书名: | ||
| 单 册: | ||
| 中图分类: | K1-49 | |
| 科图分类: | ||
| 主题词: | 社会发展史 | |
| 电子资源: | ||
| ISBN: | 7-5006-4428-0 | |
| 000 | 00558nam0 2200193 45 | |
| 001 | 0309091250 | |
| 005 | 20031219104114.1 | |
| 010 | @a7-5006-4428-0@dCNY49.00 | |
| 100 | @a20030909d2001 km y0chiy0120 ea | |
| 101 | 0 | @achi |
| 105 | @aa z 000yy | |
| 200 | 1 | @a人类文明的演进@h上卷@ARen Lei Wen Ming De Yan Jin@f齐世荣主编@FQi Shi Rong Zhu Bian |
| 210 | @a北京@c中国青年出版社@d2001 | |
| 215 | @a396页@c插图@d20cm | |
| 606 | 0 | @a社会发展史 |
| 690 | @aK1-49@v4 | |
| 701 | @a齐世荣@4主编 | |
| 801 | @aCN@bTSTC@c20030909 | |
| 905 | @b324916-920@dK1-49@e101:1@f5 | |
| 人类文明的演进.上卷/齐世荣主编.-北京:中国青年出版社,2001 |
| 396页:插图;20cm |
| ISBN 7-5006-4428-0:CNY49.00 |
| ● |
| 相关链接 |
|
|
|
|
正题名:人类文明的演进
索取号:K1-49/101:1
 
预约/预借
| 序号 | 登录号 | 条形码 | 馆藏地/架位号 | 状态 | 备注 |
| 1 | 0324916 | 203249163 | 第二借阅区/ [索取号:K1-49/101:1] | 在馆 | |
| 2 | 0324917 | 203249172 | 第二借阅区/ [索取号:K1-49/101:1] | 在馆 | |
| 3 | 0324918 | 203249181 | 密集书库/ [索取号:K1-49/101:1] | 在馆 | |
| 4 | 0324919 | 203249190 | 密集书库/ [索取号:K1-49/101:1] | 在馆 | |
| 5 | 0324920 | 203249207 | 第二样本阅览室/ [索取号:K1-49/101:1] | 在馆 |